000 00747nam a2200193 i 4500
001 56924
003 ES-MaACL
005 20251003164857.0
007 t|
008 21126 m19141915fr ||||1| fre d
245 0 0 _aAtlas linguistique de la France.
_pCorse /
_cpublié par J. Gilliéron,... et E. Edmont.
260 _aParis :
_bH. Champion,
_c1914-1915.
300 _a4 vol. :
_bplanos ;
_c64 x 53 cm.
505 8 _aContiene: Fasc.l. 1 : Cartes 1 à 199, 1914. - Fasc. 2 : Cartes 200 à 399, 1914. - Fasc. 3 : Cartes 400 à 599, 1914. -Fasc. 4 : Cartes 600 à 799, 1915
650 4 _aLengua francesa-
_xDialectos-
_vAtlas.
_9161452
700 1 _aEdmont, Edmond,
_d1849-1926
_9161451
852 _aES-MaACL
_jZ-509(2)
999 _c56924
_d56924